00395nam a2200097Ia 4500008004100000245007900041260000900120856007600129999001900205952007300224160531s9999 xx 000 0 und d aGuidelines for the Management of Conditions Specifically Related to Stress c2013 uhttp://www.ncbi.nlm.nih.gov/books/NBK159725/pdf/Bookshelf_NBK159725.pdf c295406d295406 001040aCLbCLd2016-05-31l0r2016-05-31 00:00:00w2016-05-31yCBE